00570 2200193 4500001002100000005001500021035002000036007000300056008004100059020002200100082000800122084001400130100001400144245006200158250003200220260004500252300004300297650003600340INLIS00000000000056820241204073424 a0010-1224000062ta241204 e 0 ind  a978-602-06-6069-1 a813 a813 RIO k0 aRio Johan1 aKaravansara /cRio Johan (Penulis); Teguh Afandi (Editor) aCetakan Pertama, April 2022 aJakarta :bGramedia Pustaka Utama,c2022 a46 Halaman :bIlustrasi; teks ;c20 cm 4aFiksi Indonesia (Cerita Pendek)